• 首页
  • 本馆介绍
  • 公告通知
  • 最新文献
  • 馆藏检索
  • 电子资源
  • 读者导购
  • 参考咨询
  • 我的图书馆
  • 登录
  • 详细信息显示
  • 放入我的书架
  • 预约/预借图书
  • 作者相关作品
  • 分类相关作品
  • 丛书相关作品
  • 出版社相关作品

书目信息

  • 表格格式
  • 工作单格式
  • 卡片格式
题名:
传统相声集
    
 
作者: ;上海文艺出版社 编辑
分册:  
出版信息: 上海   上海文艺出版社  1981
页数: 688页
开本: 19cm
丛书名:
单 册:
中图分类: I239.7
科图分类:
主题词: 相声--作品--中国
电子资源:
ISBN:
000 00645nam0 2200229 45
001 0181002181
005 20041125170409.8
010    @dCNY1.65
091    @a8078.3233
100    @a19950415d1981 em y0chiy0121 ea
101 0  @achi
102    @aCN@b310000
105    @af z 000by
200 10 @a传统相声集@Achuan tong xiang sheng ji@f上海文艺出版社编辑@FShang Hai Wen Yi Chu Ban She Bian Ji
210    @a上海@c上海文艺出版社@d1981
215    @a688页@c照片@d19cm
606    @a相声@y作品@y中国
690    @aI239.7@v3
711 02 @a上海文艺出版社@4编辑
801  0 @aCN@b上海图书馆@c20040415
801  2 @aCN@bNLC@c20040415
905    @dI239.7@e35
    
    传统相声集/上海文艺出版社编辑.-上海:上海文艺出版社,1981
    688页:照片;19cm
    
    
    ISBN :CNY1.65
    
●
相关链接 在E读中查询图书 在五车中查询图书 在当当中查询图书 在豆瓣中查询图书


正题名:传统相声集     索取号:I239.7/35         预约/预借

序号 登录号 条形码 馆藏地/架位号 状态 备注
1 0107260   000961542   第二借阅区/ [索取号:I239.7/35] 在馆    
2 0107261   000961524   第一样本阅览室/ [索取号:I239.7/35] 在馆    
3 0177855   000961551   第二借阅区/ [索取号:I239.7/35] 在馆    
唐山师范学院图书馆 欢迎您!
大连网信软件有限公司© 版权所有